Europe by Alphabet in 45 Seconds - Statistics

General Stats
  • This quiz has been taken 158 times
    70 since last reset
  • The average score is 38 of 45
Answers on the Map
Answers color-coded by a green-red scale on the quiz's map according to % correct below.
 
Answer Stats
Country % Correct
Ireland
98%
Italy
98%
Romania
98%
France
96%
Germany
96%
Poland
96%
Ukraine
96%
United Kingdom
96%
Vatican City
96%
Greece
94%
Finland
92%
Kosovo
92%
Russia
92%
San Marino
92%
Andorra
90%
Belgium
90%
Slovenia
90%
Spain
90%
Sweden
90%
Belarus
88%
Estonia
88%
Norway
88%
Portugal
88%
Bosnia and Herzegovina
85%
Albania
83%
Hungary
83%
Netherlands
83%
Austria
81%
Denmark
81%
Montenegro
81%
Latvia
79%
Czech Republic
77%
Iceland
77%
Liechtenstein
75%
Switzerland
75%
Bulgaria
73%
Serbia
73%
Slovakia
73%
Croatia
71%
Lithuania
71%
Luxembourg
71%
Malta
69%
Moldova
69%
Monaco
65%
North Macedonia
52%
No matching quizzes found
Score Distribution
Percent of People with Each Score
Percentile by Number Answered
Your Score History
You have not taken this quiz since the last reset